| 000 | 01095nam a22003257a 4500 | ||
|---|---|---|---|
| 999 |
_c3038 _d3038 |
||
| 003 | AR-CdUCM | ||
| 008 | 190305b ||||| |||| 00| 0 spa d | ||
| 040 |
_aMUNICIPALIDAD PROVINCIAL DEL CUSCO _cBIBLIOTECA MUNICIPAL DEL CUSCO |
||
| 082 |
_a869.56 / _bE7 |
||
| 110 |
_aAcción Cultural del Centro _910337 |
||
| 245 | _aEstructura del tiempo / | ||
| 260 |
_aHuancayo : _bTalleres Tipográficos "Santa Rosa", _c1958. |
||
| 300 |
_a42 páginas ; _c25 cm. |
||
| 500 | _aDonación de la familia Nieto. | ||
| 650 |
_aPoesía peruana _9806 |
||
| 650 |
_aProsa contemporánea _910067 |
||
| 650 |
_aPoetas peruanos _91611 |
||
| 650 |
_aSiglo XX _98 |
||
| 650 |
_aAcción Cultural del Centro _910338 |
||
| 700 |
_aGuerra Peñaloza, José _910271 |
||
| 700 |
_aCasquero Alcántara, Armando _910339 |
||
| 700 |
_aGarcía Sala, Adolfo _910340 |
||
| 700 |
_aGutierrez, Marco _910341 |
||
| 700 |
_aZevallos Alarcón, César _910342 |
||
| 700 |
_aVega Fernández, Luis _910343 |
||
| 700 |
_aBonnett G., Abel _910344 |
||
| 700 |
_aVillanueva, Hugo _910345 |
||
| 942 |
_2ddc _cLIBROS |
||
| 945 | _alccs | ||